LEADER 03551nam 2200685 a 450 001 9910457548403321 005 20200520144314.0 010 $a1-283-28047-7 010 $a9786613280473 010 $a90-272-8467-9 035 $a(CKB)2550000000048483 035 $a(EBL)769697 035 $a(OCoLC)753480179 035 $a(SSID)ssj0000534843 035 $a(PQKBManifestationID)12166966 035 $a(PQKBTitleCode)TC0000534843 035 $a(PQKBWorkID)10512198 035 $a(PQKB)11681036 035 $a(MiAaPQ)EBC769697 035 $a(Au-PeEL)EBL769697 035 $a(CaPaEBR)ebr10500258 035 $a(CaONFJC)MIL328047 035 $a(EXLCZ)992550000000048483 100 $a20110620d2011 uy 0 101 0 $aeng 135 $aur|n|---||||| 181 $ctxt 182 $cc 183 $acr 200 10$aCase-marking in contact$b[electronic resource] $ethe development and function of case morphology in Gurindji Kriol /$fFelicity Meakins 210 $aAmsterdam ;$aPhiladelphia $cJohn Benjamins Pub. Co.$d2011 215 $a1 online resource (334 p.) 225 1 $aCreole language library,$x0920-9026 ;$vv. 39 300 $aDescription based upon print version of record. 311 $a90-272-5261-0 320 $aIncludes bibliographical references and index. 327 $aCase-Marking in Contact; Editorial page; Title page; LCC data; Dedication page; Table of contents; List of figures; Acknowledgements; List of abbreviations; Chapter 1. Introduction; Chapter 2.The socio-political origins and setting of Gurindji Kriol; Chapter 3.The effect of language contact on inflectional morphology; Chapter 4.Code-switching origins; Chapter 5.The Transition from code-switching to a mixed language; Chapter 6.Attributive possessive constructions in Gurindji Kriol; Chapter 7.Topological relations in Gurindji Kriol; Chapter 8.Goal constructions in Gurindji Kriol 327 $aChapter 9.Argument marking in Gurindji KriolChapter 10.Conclusion; Appendix 1. 200 word list; Appendix 2. Consistency in the expression of an event; Appendix 3. Sample of glossed Gurindji Kriol texts; Appendix 4. Statistical output; References; Index 330 $aUntil recently, mixed languages were considered an oddity of contact linguistics, with debates about whether or not they actually existed stifling much descriptive work or discussion of their origins. These debates have shifted from questioning their existence to a focus on their formation, and their social and structural features. This book aims to advance our understanding of how mixed languages evolve by introducing a substantial corpus from a newly-described mixed language, Gurindji Kriol. Gurindji Kriol is spoken by the Gurindji people who live at Kalkaringi in northern Australia and is t 410 0$aCreole language library ;$vv. 39. 606 $aKriol language$xCase 606 $aKriol language$xMorphology 606 $aGurindji language$xCase 606 $aGurindji language$xMorphology 606 $aCode switching (Linguistics) 608 $aElectronic books. 615 0$aKriol language$xCase. 615 0$aKriol language$xMorphology. 615 0$aGurindji language$xCase. 615 0$aGurindji language$xMorphology. 615 0$aCode switching (Linguistics) 676 $a499/.15 700 $aMeakins$b Felicity$0950971 801 0$bMiAaPQ 801 1$bMiAaPQ 801 2$bMiAaPQ 906 $aBOOK 912 $a9910457548403321 996 $aCase-marking in contact$92149934 997 $aUNINA LEADER 05089nam 2200649 450 001 9910148746103321 005 20161111160603.0 010 $a9781522516408$belectronic 010 $z9781522516392$bprint 024 7 $a10.4018/978-1-5225-1639-2 035 $a(CKB)3710000000920434 035 $a(MiAaPQ)EBC4729464 035 $a(CaBNVSL)gtp00566552 035 $a(OCoLC)962445481 035 $a(IGIG)00159565 035 $a(EXLCZ)993710000000920434 100 $a20161109d2017 fy 0 101 0 $aeng 135 $aurbn||||m|||a 181 $2rdacontent 182 $2rdamedia 183 $2rdacarrier 200 00$aMathematical concepts and applications in mechanical engineering and mechatronics /$fMangey Ram and J. Paulo Davim, editors 210 1$aHershey, PA :$cEngineering Science Reference, an imprint of IGI Global,$d[2017] 210 4$dİ2017 215 $aPDFs (494 pages) $cillustrations 225 1 $aAdvances in mechatronics and mechanical engineering (AMME) book series 311 08$a1-5225-1639-5 311 08$a9781522516392 320 $aIncludes bibliographical references and index. 327 $aEffective optimization of statistical decisions for age replacement problems under parametric uncertainty / N. A. Nechval, K. N. Nechval -- A multiresponse optimization model for statistical design of processes with discrete variables / Taha-Hossein Hejazi, Leilanaz Akbari -- Design optimization of a wind turbine using artificial intelligence / Jagan Jayabalan [and 3 others] -- Optimization of process parameters using Taguchi coupled genetic algorithm: machining in CNC lathe / Supriyo Roy, J. Paulo Davim, Kaushik Kumar -- Reliability optimization of complex systems using cuckoo search algorithm / Anuj Kumar, Sangeeta Pant, S. B. Singh -- Multi-objective optimization of die-sinking EDM process on AISI P-20 tool steel using cuckoo search and genetic algorithm / Goutam Kumar Bose, Pritam Pain, Sayak Mukhopadhyay -- Introduction to system reliability evaluation through Bayesian approach / M. Kumar, P. N. Bajeel -- Reliability analysis of engineering systems: an accelerated life testing for boiler tubes / Taha-Hossein Hejazi, Hossein Poursabbagh -- Monte Carlo simulation for reliability-based design of automotive complex subsystems / Taha-Hossein Hejazi, Amirmohsen Hejazi -- Reliability analysis of two dissimilar-cold standby redundant systems subject to inspection with preventive maintenance using Copula / Beena Nailwal, S. B. Singh -- Welding process under fault coverage approach for reliability and MTTF / Nupur Goyal, Mangey Ram, Pranshu Kumar -- 327 $aElectrical impedance modeling of electrochemical spark micromachining process / Anjali Vishwas Kulkarni -- Development of a material constitutive model and simulation technique to predict nonlinearities in piezoelectric materials under weak electric fields / M. K. Samal -- Walking control of humanoid robots on uneven ground using fuzzy algorithm / Saeed Abdolshah [and 3 others] -- Development of path tracking control algorithm for a 4 DOF spatial manipulator using PID controller / Pradeep Reddy Bonikila, Ravi Kumar Mandava, Pandu Ranga Vundavilli -- Efficient planning: in-service inspections of fatigued structures under parametric uncertainty / N. A. Nechval, K. N. Nechval -- Stochastic approach to uncertainty control in multiphysics systems: modeling of carbon balance and analysis of GHG emissions using satellite tools / Yuriy V. Kostyuchenko [and 3 others] -- Journey from Order to Chaos and Returning / Anuraj Singh -- Combustion instability analysis using wavelets in conventional diesel engine / Rakesh Kumar Maurya, Akhil Nekkanti -- Numerical simulation of high temperature deformation behavior of nickel-based superalloys using crystal plasticity models and finite element method / M.K. Samal. 330 3 $a"This book offers the latest scholarly research on the use of applied mathematics to enhance the current trends and productivity in mechanical engineering, highlighting theoretical foundations, real-world cases, and future directions"--Provided by publisher. 410 0$aAdvances in mechatronics and mechanical engineering (AMME) book series. 606 $aMechanical engineering$xMathematics 606 $aMechatronics$xMathematics 610 $aArtificial intelligence 610 $aDecision making models 610 $aDesign optimization 610 $aElectrical discharge machining 610 $aElectrochemical spark micromachining 610 $aFatigue reliability 610 $aReliability optimization 610 $aWelding 615 0$aMechanical engineering$xMathematics. 615 0$aMechatronics$xMathematics. 676 $a510.24/621 700 $aRam$b Mangey$01220697 702 $aRam$b Mangey 702 $aDavim$b J. Paulo 801 0$bCaBNVSL 801 1$bCaBNVSL 801 2$bCaBNVSL 906 $aBOOK 912 $a9910148746103321 996 $aMathematical concepts and applications in mechanical engineering and mechatronics$92827008 997 $aUNINA